000 00516nam#a2200205#c#4500
003 IEF
005 20180219150554.0
008 941205s1979 uuu####fr####| 0||u| |u
040 _aIEF
100 1 _aHepworth, Noel Peers
_921070
245 _aThe finance of local government
250 _a[5th ed.]
260 _aLondon
_b George Allen and Unwin etc
_c1979
300 _a321 p.
_c 23 cm
650 4 _aHACIENDAS LOCALES
_945217
650 4 _aREINO UNIDO
_948241
942 _cLIB
942 _z32906
999 _c8674
_d8674